Quizzes
Events
Quiz Creation
Community
Videos
Private Events
Remove Ads
Sign In
Join for FREE
Feedback
Dark Mode
Quiz Categories
Sports
Geography
Music
Movies
Television
Just For Fun
Miscellaneous
History
Literature
Language
Science
Gaming
Entertainment
Religion
Holiday
For Kids
Quiz Lab
Recent
Popular Today
Quiz Kudos Today
Editor Picks
Curator Picks
Quizzes by...
Day
Popularity
Type
Ratings
Length
Year
Community
Subscriptions
Recent Discussions
Orange Saloon
Badges
Playlists
Quests
Create
Leaderboards
Showdown
Live 5
Trivia Bingo
Activity
Puzzle Library
Sporcle Events
Private Events
Virtual Trivia
Globe League
Become a Host
Pub Owners
SporcleCon
Opinionation
Our Games
Videos
Blog
Mobile Apps
Partnerships
Remove Ads and Go Orange
Feedback
Sports
Athletes
MLB
NBA
NHL
NFL
Soccer
Sports Teams
WWE
NCAA
Football
Premier League
Basketball
Baseball
Hockey
Golf
Tennis
Cricket
Rugby
Auto Racing
Olympics
World Cup
Sports
Athletes
MLB
NBA
NHL
NFL
Soccer
Sports Teams
WWE
NCAA
Football
Premier League
Basketball
Baseball
Hockey
Golf
Tennis
Cricket
Rugby
Auto Racing
Olympics
World Cup
Random Quiz
Search Sporcle
×
Quiz Lab
Quiz Lab
Sports
City
Type in answers that appear in a list
Type in answers that appear in a list
Classic
Best Score? Go Orange.
All-Time NL Cities Stats
Can you name the cities that have had National League Franchises?
By
mrharp
5m
31 Questions
1,627 Plays
1,627 Plays
1,627 Plays
Comments
Comments
Give Quiz Kudos
Give Quiz Kudos
-
- Ratings
hide this ad
Replay
Link that replays current quiz
Next Quiz
Link to next quiz in quiz playlist
You Got
0%
They Got
Avg Score
75%
Avg Friend Score
Upgrade to see
Score Distribution
Jump to the score distribution portion of the page
Score
0/31
Timer
05:00
0
Plays Today
Years
City/Geographic Name
% Correct
1876, 1883-
1957, 1962-
New York
99.1%
1993-
Florida
97.2%
1966-
Atlanta
97%
1958-
Los Angeles
96.6%
1876-
Chicago
96.6%
1962-
Houston
96.2%
1958-
San Francisco
96.1%
1886-
1889, 1892-
1899, 2005-
Washington
95.9%
1876, 1883-
Philadelphia
95.6%
1876-
1877, 1884-
1885, 1892-
St. Louis
94.5%
1993-
Colorado
93.7%
1887-
Pittsburgh
93.5%
1878, 1953-
1965, 1998-
Milwaukee
93.5%
1998-
Arizona
93.2%
1876-
1880, 1890-
Cincinnati
93.2%
1969-
San Diego
92.5%
Years
City/Geographic Name
% Correct
1876-
1952
Boston
91.6%
1969-
2004
Montreal
84.8%
1879-
1884, 1889-
1899
Cleveland
79.3%
1892-
1899
Baltimore
75.4%
1890-
1957
Brooklyn
72.6%
1881-
1888
Detroit
66.8%
1886
Kansas City
61.9%
1879-
1885
Buffalo
55.1%
1878, 1887-
1889
Indianapolis
47%
1876-
1877, 1892-
1899
Louisville
38.7%
1876-
1877
Hartford
38.5%
1878-
1885
Providence
38.3%
1879
Syracuse
34.7%
1880-
1882
Worcester
20%
1879-
1882
Troy
12.6%
Quiz Playlist
Details
Report
Send in Message
Add To Playlist
Classic:
Type in answers that appear in a list
Quiz Source
Last Updated: Feb 16, 2017
Quiz Scoreboard
CHALLENGE
Sign Up to Join the Scoreboard
Show All
Scores
Hide
Comments
May contain spoilers
Recently Published
Popular People in 1961
by mucciniale
History
6m
1-10 Letter E Words III
by El_Dandy
Language
2m
One Thing in Common: World Cities II
by knightlancer
Geography
7m
More to Explore
Quiz From the Vault
Featured Blog Post
Where Did the Easter Bunny Come From?
hide this ad
You Might Also Like...
Tags
City Quiz
franchise
last
League
national
National League
nickname
Today's Top Quizzes in Sports
Browse Sports
hide this ad
Today's Top Quizzes in City
Browse City
Top Contributed Quizzes in Sports
1
2022 World Cup Stars
2
Les entraîneurs de l'OM et du PSG au 21e siècle
3
FIFA Club World Cup Champions
4
Criteria MLB: Left Handed Sluggers
5
Les meilleurs buteurs des matchs entre le PSG et l’OM
6
Name the Premier League winners with different clubs
7
Players with Multiple 50 Home Run Seasons
8
MLB Players with Two .350 Batting Average Seasons
9
La finale Lions - Afrique du Sud 2021
10
MLB Hall of Famer by Rings
Explore More
Trending Topics
Disney
Anime
Kpop
Crossword
Marvel
NBA
Harry Potter
NFL
Country
WWE
Pokémon
Soccer
The Office
Puzzle
Song
hide this ad
More By:
mrharp
Quiz
Plays
Rating
Category
Featured
Created
Ohio State Quarterbacks
2,014
3.67
Sports
Oct 2, 2009
All-Time NL Cities
1,627
4.13
Sports
Oct 1, 2009
All-Time AL Cities
996
4.06
Sports
Oct 2, 2009
Horse of the Year
640
4.50
Sports
Nov 5, 2010
Breeders' Cup Classic
558
4.33
Sports
Sep 22, 2009
Go to Creator's Profile
Score Distribution
Quiz Creator Spotlight
mrharp
Follow
Send a Message
Quizzes Created
-
Created Quiz Play Count
-
More By This Creator
Popular Quizzes Today
1
Find the US States - No Outlines Minefield
2
The Countries of the World
3
Popular People in 1961
4
Find the Countries of Europe - No Outlines Minefield
5
1-10 Letter E Words III
6
Find the US States
7
One Thing in Common: World Cities II
8
US States
More Sports Quizzes
Tournament of Basketball Players
Published
Trending Quizzes
1-10 Letter F Words
One Thing in Common: Music
1-10 Letter G Words
Risky Map Clicking: Next State Alphabetically
1-10 Letter F Words II
Recently Updated
Leaping Animals
pecheneg
Reality TV Shows (A-Z)
bhenderson79
Rickey Henderson's Hall of Fame Teammates
pecheneg
Champions League XIs: Arsenal
pecheneg
Quick Pick: Celebrities in WWE's Hall of Fame
aduchscher
A-Z Keypad Blitz II
pecheneg
Multiple Oscar Actors
pecheneg
Mystery Phrase Blitz: Oscar 'Best Actors'
pecheneg
F. Scott Fitzgerald Novels
LTH
Pick 3 Villains
ddd62291
Trending Topics
Anime
NBA
Kpop
Disney
Marvel
Harry Potter
Crossword
The Office
Country
Soccer
Puzzle
NFL
WWE
Pokémon
Song
Your Account Isn't Verified!
In order to create a playlist on Sporcle, you need to verify the email address you used during registration. Go to your
Sporcle Settings
to finish the process.
Report this User
Report this user for behavior that violates our
Community Guidelines
.
Details:
Send Report
Go to the Sporcle.com Mobile Site →
Comments